| 000 | 00548nam a2200193Ia 4500 | ||
|---|---|---|---|
| 008 | 151121s9999||||xx |||||||||||||| ||und|| | ||
| 082 | _a833/गुरुद | ||
| 082 | _bHNW-43467 | ||
| 100 | _aगुरुदत्त | ||
| 245 | _aषडयंत्र | ||
| 260 | _b"सरस्वती विहार , दिल्ली" | ||
| 260 | _c-- | ||
| 300 | _a263 | ||
| 600 | _aगुरुदत्त | ||
| 630 | _aषडयंत्र | ||
| 700 | _aगुरुदत्त | ||
| 730 | _aषडयंत्र | ||
| 942 | _cBOOK | ||
| 999 |
_c1231548 _d1231545 |
||